03640nam a2200349 a 450000100100000000500170001000800410002702000180006804000250008608200250011111101070013624500860024326000950032930000360042449000520046049000240051250000740053650517270061059000260233765000290236365000340239265000310242665000300245783000820248791000380256995201230260795201290273095201380285995201380299795201380313599900170327300004517720260428073714.0150206s2014 dr ac r 001 0 spa d a9789945582154 aDO-SdBNPbspacBNPHU aRD860.8bC744o, 20131 aConcurso de Arte y Literatura Bancentraln(17 :d2013 :cSanto Domingo, República Dominicana)97318410aObras premiadas :bdecimoséptimo concurso de arte y literatura Bancentral 2013. aSanto Domingo :bBanco Central de la República Dominicana, Departamento Cultural,c2014. a152 p. :bil., retrs. ;c22 cm.1 aBanco Central de la República Dominicanav2071 aObras premiadasv17 aIncluye referencias bibliográficas y notas al pie de las páginas.0 aCuento :gPrimer premiotDe como se pierde una esposa en Maine /rAriadna Adames Rojas --gSegundo premiotLocura en secuencia /rNarda Cecilia Marizón Méndez --gTercer premiotEl ídolo detrás de la máscara /rJuan Pablo Reyez --gMencion de honortDesesperados /rDomingo Marte --gMención de honortEl baquiní /rAmarilis Cueto Cabrera --gMención de honortRetorcida pasión /rSabrina Hernóndez Batlle --gPintura :gPrimer premiotCopas /rHilda Andreína Santo de Rosario --gSegundo premiotVendedor de maíz /rManuel A. Concepción --gTercer premiotEmulando a los clásicos 1 /rLeyda Lantigua de Mejía --tViejo puerto /rManuel A. Concepción --tLimones /rMaría Antonia Suero Castillo --gDibujo :gPrimer premiotUniverso negro /rJessica Valdez Prats --gSegundo premiotNo te asustes solo observo /rRut Mabel Herrera Ruis --gTercer premiotLas ollas en el fogón /rGeraldo Amable Pimentel Ramírez --tMencion de honortEn el parque /rClaudia Mariel Grullón --tMencion de honortEstrella en sombras /rJuan Pérez Hernóndez --tFotoggrafía :gPrimer premiotLo hierrorSabrina Hernández Batlle --gSegundo premiotSal del pacto /rLuisa F. Medina de FríasgTercer premiotTopos de metal /rWagner David Figuereo De Jesús --tCalor block /rCinthia María Mejía Méndez --tCalma en la salida /rRut Mabel Herrera Ruiz --tPomesa encendidas /rAmelia Ortiz Rey --tCansados del camino /rSabrina Hernández Batlle --tLa belleza de la humanidad /rJulinette Alexandra Morales Báez --tGanadores del concunrso de arte y literatura del Banco Central de la República Dominicana --tMiembros del jurado del Concurso de Arte y Literatura (1995-2013) -- aInventariado, 2018/BT 0aCuentos dominicanos9176 4aCertámenes literarios91541 0aLiteratura dominicana.967 0aPremios literarios 91542 0aObras premiadas ;v17pBanco Central de la República Dominicanan207973185 aValidado. Control de calidad. MFF 0010718PDaGRbGRcHDd2015-02-06iLF1l0oRD860.8 C744o, 2013p45177-10r2020-06-25w2020-06-25yLFPDZNo se presta 0010718PDaGRbGRcHDd2015-02-06iLF1l0oRD860.8 C744o, 2013p45177-20r2020-06-25te. 2w2020-06-25yLFPDZNo se presta 001054708DSaGRbGRcHDd2015-02-06iLF1l0oRD860.8 C744o, 2013p45177-30r2020-06-25te. 3w2020-06-25yLFDSZPréstamo en sala 001054708DSaGRbGRcHDd2018-07-06iLF1l0oRD860.8 C744o, 2013p45177-40r2020-06-25te. 4w2020-06-25yLFDSZPréstamo en sala 001054708DSaGRbGRcHDd2018-07-06iLF1l0oRD860.8 C744o, 2013p45177-50r2020-06-25te. 5w2020-06-25yLFDSZPréstamo en sala c44666d44666